00000000nam 2200000za 4500
0019.800482
003CaOODSP
00520250217135243
007cr |||||||||||
008150506s2015    xxc|||||o    f|0| 0 chi d
020 |a978-0-660-02196-6
040 |aCaOODSP|beng
043 |an-cn---
0861 |aEm20-27/2015Chi2-PDF|zEm20-27/2015Ch-PDF
24500|a[Family tax cut and benefits (Universal Child Care Benefit)] |h[electronic resource].
250 |a[Simplified Chinese edition].
260 |a[Ottawa] : |bEmployment and Social Development Canada, |cc2015.
300 |a1 p.
500 |aEnglish title supplied by the publisher.
500 |aIssued also in English under title: Family tax cut and benefits (Universal Child Care Benefit).
546 |aText in Simplified Chinese.
69007|aFamily allowances|2gcpds
7101 |aCanada.|bEmployment and Social Development Canada. |bStrategic Policy and Research Branch.
77508|tFamily tax cuts and benefits |w(CaOODSP)9.630052
7760#|tFamily tax cut and benefits (Universal Child Care Benefit) |w(CaOODSP)9.800484
792 |t[Prestations et réduction des impôts pour les familles (la prestation universelle pour la garde d'enfants)] |efre|w(CaOODSP)9.800485
85640|qPDF|s714 KB|uhttps://publications.gc.ca/collections/collection_2015/edsc-esdc/Em20-27-2015-Ch.pdf